000 00645nam a2200229 i 4500
001 000048147
003 DO-SdBNP
005 20250729093953.0
007 ta
008 250729s2011 dr 000 spa d
040 _aDO-SdBNP
_bspa
_cBNPHU
_erda
082 _222
_bM689
_a22
245 _aModelo educativo de la Pontificia Universidad Católica Madre y Maestra
264 _aSanto Domingo :
_bPUCMM,
_c2011
300 _a22 paginas. ;
_c22 cm.
336 _2rdacontent
_atexto
_btxt
337 _2rdamedia
_asin mediación
_bn
338 _2rdacarrier
_avolumen
_bnc
590 _aInventariado, 2025 / DG
910 _aDG
942 _2ddc
_cLF2
999 _c59665
_d59665